00000000nam##2200000za#4500
0019.695771
003CaOODSP
00520210624234728
007cr |||||||||||
008150407|2001||||xxc|||||o    f|0| 0 eng|d
040 |aCaOODSP|beng
043 |an-cn---
0861 |aCL4-3/2001E-PDF
1101 |aCanada.|bLeadership Network.
24510|aBravo : |h[electronic resource]|ba guide to implementing a culture of recognition in the public service of Canada
260 |aOttawa - Ontario : |bLeadership Network |cc2001.
300 |a27p.|breferences
500 |aThe catalogue number (CL4-3/2001) and ISBN (0-662-65678-4) for the bilingual print edition have been incorrectly copied in this electronic publication.
590 |a12-14-Supp|b2012-04-10
69007|aPublic service|2gcpds
77508|tBravo : |w(CaOODSP)9.639893
7760#|tBravo: a guide to implement a culture of recognition in the Public Service of Canada |w(CaOODSP)9.662719
7760#|tBravo: guide pour l'instauration d'une culture de la reconnaissance à la fonction publique du Canada |w(CaOODSP)9.662720
85640|ahttp://publications.gc.ca|qPDF|s1.66 MB|uhttps://publications.gc.ca/collections/Collection/CL4-3-2001E.pdf